Kanye West Discography - Statistics

General Stats
  • This quiz has been taken 85 times
  • The average score is 67 of 126
Answer Stats
Hint Answer % Correct
My Beautiful Dark Twisted Fantasy All Of The Lights
75%
Graduation Good Morning
75%
808s & Heartbreak Heartless
75%
My Beautiful Dark Twisted Fantasy POWER
75%
The College Dropout Spaceship
75%
The College Dropout All Falls Down
74%
Yeezus Bound 2
72%
My Beautiful Dark Twisted Fantasy Runaway
72%
My Beautiful Dark Twisted Fantasy Dark Fantasy
71%
ye Ghost Town
71%
The Life Of Pablo No More Parties In LA
69%
The Life Of Pablo Saint Pablo
69%
Graduation Stronger
69%
Yeezus Black Skinhead
68%
My Beautiful Dark Twisted Fantasy Devil In A New Dress
68%
The College Dropout Jesus Walks
68%
Graduation Drunk and Hot Girls
66%
Graduation Good Life
66%
Graduation I Wonder
66%
Yeezus On Sight
66%
The College Dropout Through The Wire
66%
ye Violent Crimes
66%
My Beautiful Dark Twisted Fantasy Gorgeous
65%
My Beautiful Dark Twisted Fantasy Hell Of A Life
65%
My Beautiful Dark Twisted Fantasy Monster
65%
Graduation Barry Bonds
63%
The Life Of Pablo Father Stretch My Hands
63%
Graduation Flashing Lights
63%
Late Registration Heard 'Em Say
63%
Yeezus New Slaves
63%
The Life Of Pablo Ultralight Beam
63%
The College Dropout We Don't Care
63%
Graduation Big Brother
62%
Graduation Can't Tell Me Nothing
62%
Graduation Champion
62%
The Life Of Pablo Famous
62%
Graduation Homecoming
62%
My Beautiful Dark Twisted Fantasy So Appalled
62%
The Life Of Pablo Wolves
62%
My Beautiful Dark Twisted Fantasy Blame Game
60%
Yeezus Blood On The Leaves
60%
Kanye West Presents Good Music Cruel Summer Cold
60%
The College Dropout Family Business
60%
Late Registration Gold Digger
60%
ye I Thought About Killing You
60%
The College Dropout Last Call
58%
My Beautiful Dark Twisted Fantasy Lost In The World
58%
The College Dropout The New Workout Plan
58%
The College Dropout Two Words
58%
ye Yikes
58%
ye All Mine
57%
Yeezus I Am A God
57%
The College Dropout Intro
57%
My Beautiful Dark Twisted Fantasy Who Will Survive In America
57%
The College Dropout Graduation Day
55%
Late Registration Hey Mama
55%
The College Dropout I'll Fly Away
55%
KIDS SEE GHOSTS Reborn
55%
Late Registration Touch The Sky
55%
Late Registration Wake Up Mr. West
55%
The Life Of Pablo Waves
55%
KIDS SEE GHOSTS 4th Dimension
54%
Late Registration Diamonds From Sierra Leone
54%
The College Dropout Get Em High
54%
Yeezus Hold My Liquor
54%
Late Registration Late
54%
808s & Heartbreak Paranoid
54%
The College Dropout Slow Jamz
54%
808s & Heartbreak Welcome To Heartbreak
54%
Late Registration We Major
54%
808s & Heartbreak Coldest Winter
52%
The Life Of Pablo I Love Kanye
52%
808s & Heartbreak Love Lockdown
52%
Late Registration Roses
52%
808s & Heartbreak Street Lights
52%
Graduation The Glory
52%
KIDS SEE GHOSTS Cudi Montage
51%
The Life Of Pablo Fade
51%
The College Dropout Never Let Me Down
51%
808s & Heartbreak Pinocchio Story
51%
808s & Heartbreak Say You Will
51%
Yeezus Send It Up
51%
The College Dropout Workout Plan
51%
The Life Of Pablo 30 Hours
49%
The College Dropout Breathe In Breathe Out
49%
Graduation Everything I Am
49%
Late Registration Gone
49%
The Life Of Pablo Highlights
49%
Yeezus I'm In It
49%
808s & Heartbreak RoboCop
49%
808s & Heartbreak Amazing
48%
Late Registration Drive Slow
48%
The Life Of Pablo Low Lights
48%
ye No Mistakes
48%
The College Dropout School Spirit
48%
Late Registration Addiction
46%
Late Registration Crack Music
46%
The Life Of Pablo FML
46%
The Life Of Pablo Frank's Track
46%
Yeezus Guilt Trip
46%
KIDS SEE GHOSTS Kids See Ghosts
46%
The College Dropout Lil Jimmy
46%
The Life Of Pablo Real Friends
46%
KIDS SEE GHOSTS Fire
43%
KIDS SEE GHOSTS Freeee
43%
Late Registration Bring Me Down
42%
KIDS SEE GHOSTS Feel The Love
42%
Late Registration My Way Home
42%
Late Registration Celebration
40%
The Life Of Pablo Facts
40%
Kanye West Presents Good Music Cruel Summer Mercy
40%
808s & Heartbreak See You In My Nightmares
40%
ye Wouldn't Leave
40%
808s & Heartbreak Bad News
38%
The Life Of Pablo Feedback
38%
The Life Of Pablo Freestyle 4
38%
Kanye West Presents Good Music Cruel Summer Clique
34%
Kanye West Presents Good Music Cruel Summer Don't Like
34%
Kanye West Presents Good Music Cruel Summer New God Flow
26%
Kanye West Presents Good Music Cruel Summer To The World
23%
Kanye West Presents Good Music Cruel Summer Sin City
22%
Kanye West Presents Good Music Cruel Summer Creepers
20%
Kanye West Presents Good Music Cruel Summer The Morning
18%
Kanye West Presents Good Music Cruel Summer The One
18%
Kanye West Presents Good Music Cruel Summer Bliss
17%
Kanye West Presents Good Music Cruel Summer Higher
17%
No matching quizzes found
Score Distribution
Percent of People with Each Score
Percentile by Number Answered
Your Score History
You have not taken this quiz